| 000 | 01400nam a2200313 i 4500 | ||
|---|---|---|---|
| 003 | DO-SdBNP | ||
| 005 | 20250604124927.0 | ||
| 007 | ta | ||
| 008 | 250604b2023 dr ||||| |||| 00| 0 spa d | ||
| 020 | _a9789945649130 | ||
| 040 |
_aDO-SdBNP _bspa _cBNPHU _erda |
||
| 041 | _aspa | ||
| 082 | 4 |
_axxx _bP433u 2023 _222 |
|
| 100 | 1 |
_aPerdomo, Merary, _d1970- _eautor _4aut. _987977 |
|
| 245 | 1 | 4 |
_aUna mujer promovida a las alturas / _cPastora Merary Perdomo de Pérez ; revisión y corrección, pastor Junior Pérez. |
| 250 | _aSegunda edición | ||
| 264 |
_aSanto Domingo : _bPrintbarato, Layoot & Printing, _c2023. |
||
| 300 |
_a138 páginas ; _c21 cm. |
||
| 336 |
_atexto _btxt _2rdacontent |
||
| 337 |
_asin mediación _bn _2rdamedia |
||
| 338 |
_avolumen _bn _2rdacarrier |
||
| 500 | _a“La grandeza o la miseria del alma de una mujer, desde lo más profundo de su corazón” | ||
| 500 | _aIncluye datos biográficos de la autora en la contracubierta | ||
| 505 | _aDedicatoria -- Agradecimientos -- Introducción -- Dorita ¿Verdad o drama? -- Raíces al descubierto -- Conflicto en la alcoba --Rescatada -- Búsqueda feroz -- De vuelta a casa -- Transmitiendo la herencia -- Dos en uno --Ella y tú -- Cambio de posición -- Reflexiones personales. | ||
| 590 | _aInventariado, 2025 LP | ||
| 700 | 1 |
_aPérez, Junior _ecorrector _4corr. _987889 |
|
| 910 | _aLPérez | ||
| 942 |
_2ddc _cLBS1 |
||
| 999 |
_c58870 _d58870 |
||